Độc học, môi trường và sức khỏe con người
vv
Đã lưu trong:
| Tác giả chính: | |
|---|---|
| Định dạng: | Sách |
| Năm xuất bản: |
H.
Đại học Quốc gia Hà Nội
2000
|
| Chủ đề: | |
| Tags: |
Thêm thẻ
Không có thẻ, Hãy là người đầu tiên gắn thẻ bản ghi này!
|
| LEADER | 03395nam a2200325 4500 | ||
|---|---|---|---|
| 082 | |a 615.902 |b TR312TH | ||
| 100 | |a Trịnh Thị Thanh | ||
| 245 | |a Độc học, môi trường và sức khỏe con người |c Trịnh Thị Thanh | ||
| 260 | |a H. |b Đại học Quốc gia Hà Nội |c 2000 | ||
| 300 | |a 174tr. |c 21cm | ||
| 520 | |a vv | ||
| 653 | |a Y học | ||
| 653 | |a Sức khỏe con người | ||
| 653 | |a Độc chất học | ||
| 653 | |a Môi trường | ||
| 942 | |2 ddc |c STK0 | ||
| 999 | |c 1330 |d 1330 | ||
| 952 | |0 0 |1 0 |2 ddc |4 0 |6 615_902000000000000_TR312TH |7 1 |8 600 |9 24789 |a qbu |b qbu |c D3 |d 2014-12-08 |g 13000 |o 615.902 TR312TH |p 4551.C1 |r 0000-00-00 |w 2014-12-08 |y STK0 |0 0 |6 615_902000000000000_TR312TH |0 0 |6 615_902000000000000_TR312TH | ||
| 952 | |0 0 |1 0 |2 ddc |4 0 |6 615_902000000000000_TR312TH |7 0 |8 600 |9 24790 |a qbu |b qbu |c D3 |d 2014-12-08 |g 13000 |o 615.902 TR312TH |p 4551.C2 |r 0000-00-00 |w 2014-12-08 |y STK0 |0 0 |6 615_902000000000000_TR312TH |0 0 |6 615_902000000000000_TR312TH | ||
| 952 | |0 0 |1 0 |2 ddc |4 0 |6 615_902000000000000_TR312TH |7 0 |8 600 |9 24791 |a qbu |b qbu |c D3 |d 2014-12-08 |g 13000 |o 615.902 TR312TH |p 4551.C3 |r 0000-00-00 |w 2014-12-08 |y STK0 |0 0 |6 615_902000000000000_TR312TH |0 0 |6 615_902000000000000_TR312TH | ||
| 952 | |0 0 |1 0 |2 ddc |4 0 |6 615_902000000000000_TR312TH |7 0 |8 600 |9 24792 |a qbu |b qbu |c D3 |d 2014-12-08 |g 13000 |o 615.902 TR312TH |p 4551.C4 |r 0000-00-00 |w 2014-12-08 |y STK0 |0 0 |6 615_902000000000000_TR312TH |0 0 |6 615_902000000000000_TR312TH | ||
| 952 | |0 0 |1 0 |2 ddc |4 0 |6 615_902000000000000_TR312TH |7 0 |8 600 |9 24793 |a qbu |b qbu |c D3 |d 2014-12-08 |g 13000 |o 615.902 TR312TH |p 4551.C5 |r 0000-00-00 |w 2014-12-08 |y STK0 |0 0 |6 615_902000000000000_TR312TH |0 0 |6 615_902000000000000_TR312TH | ||
| 952 | |0 0 |1 0 |2 ddc |4 0 |6 615_902000000000000_TR312TH |7 0 |8 600 |9 24794 |a qbu |b qbu |c D3 |d 2014-12-08 |g 13000 |o 615.902 TR312TH |p 4551.C6 |r 0000-00-00 |w 2014-12-08 |y STK0 |0 0 |6 615_902000000000000_TR312TH |0 0 |6 615_902000000000000_TR312TH | ||
| 952 | |0 0 |1 0 |2 ddc |4 0 |6 615_902000000000000_TR312TH |7 0 |8 600 |9 24795 |a qbu |b qbu |c D3 |d 2014-12-08 |g 13000 |o 615.902 TR312TH |p 4551.C7 |r 0000-00-00 |w 2014-12-08 |y STK0 |0 0 |6 615_902000000000000_TR312TH |0 0 |6 615_902000000000000_TR312TH | ||
| 952 | |0 0 |1 0 |2 ddc |4 0 |6 615_902000000000000_TR312TH |7 0 |8 600 |9 24796 |a qbu |b qbu |c D3 |d 2014-12-08 |g 13000 |o 615.902 TR312TH |p 4551.C8 |r 0000-00-00 |w 2014-12-08 |y STK0 |0 0 |6 615_902000000000000_TR312TH |0 0 |6 615_902000000000000_TR312TH | ||
| 952 | |0 0 |1 0 |2 ddc |4 0 |6 615_902000000000000_TR312TH |7 0 |8 600 |9 24797 |a qbu |b qbu |c D3 |d 2014-12-08 |g 13000 |o 615.902 TR312TH |p 4551.C9 |r 0000-00-00 |w 2014-12-08 |y STK0 |0 0 |6 615_902000000000000_TR312TH |0 0 |6 615_902000000000000_TR312TH | ||
| 952 | |0 0 |1 0 |2 ddc |4 0 |6 615_902000000000000_TR312TH |7 0 |8 600 |9 24798 |a qbu |b qbu |c D3 |d 2014-12-08 |g 13000 |o 615.902 TR312TH |p 4551.C10 |r 0000-00-00 |w 2014-12-08 |y STK0 |0 0 |6 615_902000000000000_TR312TH |0 0 |6 615_902000000000000_TR312TH | ||
| 952 | |0 0 |1 0 |2 ddc |4 0 |6 615_902000000000000_TR312TH |7 0 |8 600 |9 24799 |a qbu |b qbu |c D3 |d 2014-12-08 |g 13000 |o 615.902 TR312TH |p 4551.C11 |r 0000-00-00 |w 2014-12-08 |y STK0 |0 0 |6 615_902000000000000_TR312TH |0 0 |6 615_902000000000000_TR312TH | ||
| 952 | |0 0 |1 0 |2 ddc |4 0 |6 615_902000000000000_TR312TH |7 0 |8 600 |9 24800 |a qbu |b qbu |c D3 |d 2014-12-08 |g 13000 |o 615.902 TR312TH |p 4551.C12 |r 0000-00-00 |w 2014-12-08 |y STK0 |0 0 |6 615_902000000000000_TR312TH |0 0 |6 615_902000000000000_TR312TH | ||
| 952 | |0 0 |1 0 |2 ddc |4 0 |6 615_902000000000000_TR312TH |7 0 |8 600 |9 99707 |a qbu |b qbu |c D3 |d 2015-11-25 |g 13000 |o 615.902 TR312TH |p 4551.c13 |r 0000-00-00 |w 2015-11-25 |y STK0 |0 0 |6 615_902000000000000_TR312TH | ||